Biện pháp phá giá đồng bạc Việt Nam ngày 18/6/1966 [ của Việt Nam Cộng Hòa ]
Gespeichert in:
| 1. Verfasser: | |
|---|---|
| Format: | Buch |
| Sprache: | Undetermined |
| Veröffentlicht: |
Sài Gòn
Học viện Quốc Gia Hành Chánh
1968
|
| Schlagworte: | |
| Tags: |
Tag hinzufügen
Keine Tags, Fügen Sie den ersten Tag hinzu!
|
| Thư viện lưu trữ: | Trung tâm Học liệu Trường Đại học Cần Thơ |
|---|
| LEADER | 00602nam a2200181Ia 4500 | ||
|---|---|---|---|
| 001 | CTU_26305 | ||
| 008 | 210402s9999 xx 000 0 und d | ||
| 082 | |a 332 | ||
| 082 | |b B312 | ||
| 100 | |a Lê Văn Bỉnh | ||
| 245 | 0 | |a Biện pháp phá giá đồng bạc Việt Nam ngày 18/6/1966 [ của Việt Nam Cộng Hòa ] | |
| 245 | 0 | |c Lê Văn Bỉnh | |
| 260 | |a Sài Gòn | ||
| 260 | |b Học viện Quốc Gia Hành Chánh | ||
| 260 | |c 1968 | ||
| 650 | |a money | ||
| 904 | |i Nguyễn Quang Điền, 981013 | ||
| 980 | |a Trung tâm Học liệu Trường Đại học Cần Thơ | ||